Major plays 2 comprising esu & the vagabond minstrels, red is the freedom road (and) aringindin and the nightwatchmen
Salvato in:
| Autore principale: | |
|---|---|
| Natura: | Libro |
| Lingua: | inglese |
| Pubblicazione: |
Opon Ifa Readers,
, 2002
|
| Tags: |
Aggiungi Tag
Nessun Tag, puoi essere il primo ad aggiungerne!!
|
MARC
| LEADER | 00000nam a22000007a 4500 | ||
|---|---|---|---|
| 008 | 201217b ||||| |||| 00| 0 eng d | ||
| 020 | |a ISBN: 978-36136-0-X | ||
| 100 | |a OSOFISAN, Femi | ||
| 245 | |a Major plays 2 |b comprising esu & the vagabond minstrels, red is the freedom road (and) aringindin and the nightwatchmen |c Femi Osofisan. |g 199p. | ||
| 260 | |b Opon Ifa Readers, |c , 2002 |h Ibadan: |i 681057 |i 681058 |l PR9387.9 .Os5M29 |m Drama – Nigeria | ||
| 942 | |a lcc |c BK |e Olagoke, M.A |f 17/12/2020 | ||
| 952 | |0 0 |1 0 |2 lcc |4 0 |6 PR93879 O S5 M29 |7 0 |9 717 |a HOL |b AC |c LP |d 2020-12-17 |l 0 |o PR9387.9 .Os5M29 |p 2020-229939 |r 2020-12-17 00:00:00 |w 2020-12-17 |y BK | ||
| 952 | |0 0 |1 0 |2 lcc |4 0 |6 PR93879 O S5 M29 |7 0 |9 722 |a HOL |b HOL |c LP |d 2020-12-17 |l 0 |o PR9387.9 .Os5M29 |p 2020-229942 |r 2020-12-17 00:00:00 |w 2020-12-17 |y BK | ||
| 999 | |c 410 |d 410 | ||